Návrh koncepcie strategického rozvoja EVPÚ - ZVS, a.s., Dubnica nad Váhom = Design of conception of strategic improvement of the EVPÚ - ZVS, a.s., Dubnica nad Váhom : Diplomová práca
Salvato in:
| Autore principale: | |
|---|---|
| Altri autori: | |
| Natura: | Manoscritto Libro |
| Lingua: | slovacco |
| Pubblicazione: |
Trnava :
STU v Bratislave MTF UPMK,
2008
|
| Soggetti: | |
| Tags: |
Nessun Tag, puoi essere il primo ad aggiungerne!!
|
MARC
| LEADER | 00000ntm a22000003a 4500 | ||
|---|---|---|---|
| 001 | stu167183 | ||
| 005 | 20160719155829.8 | ||
| 008 | 080723s2008----xo------------------slo-d | ||
| 040 | |a STU |b slo | ||
| 041 | 0 | |a slo | |
| 044 | |a xo | ||
| 100 | 1 | |a Stránsky, Patrik |4 aut | |
| 245 | 1 | |a Návrh koncepcie strategického rozvoja EVPÚ - ZVS, a.s., Dubnica nad Váhom = Design of conception of strategic improvement of the EVPÚ - ZVS, a.s., Dubnica nad Váhom : |b Diplomová práca | |
| 260 | |a Trnava : |b STU v Bratislave MTF UPMK, |c 2008 | ||
| 300 | |a 79 s |c príl., 1 CD-ROM | ||
| 500 | |a Študijný program: priemyselné manažérstvo | ||
| 500 | |a Študijný odbor: 5.2.52 priemyselné inžinierstvo | ||
| 650 | 7 | |a strategický manažment |2 stusub | |
| 650 | 7 | |a strategické koncepcie |2 stusub | |
| 700 | 1 | |a Sekera, Branislav |4 xxx |u M190 |U MTF Materiálovotechnologická fakulta |T MTF Katedra priemyselného inžinierstva a manažmentu |X 1000606365 |U M190 |Y 167 |7 1000606365 | |
| 996 | |b 284M068113 |c M*DP-7402 |l MMSKP |s P |a 0 |w stu167183_0001 | ||